Bald people - Statistics

General Stats
  • This quiz has been taken 30 times
  • The average score is 5 of 8
Answer Stats
Picture Answer % Correct
Dwayne Johnson
97%
Vin Diesel
87%
Michael Jordan
80%
Pitbull
80%
Sinéad O'Connor
70%
Woody Harrelson
63%
Józef Cyrankiewicz
7%
Judge Holden
7%
No matching quizzes found
Score Distribution
Percent of People with Each Score
Percentile by Number Answered
Your Score History
You have not taken this quiz